[Event "Superettan(Vaxjo-Rockaden,Sthlm II)"]
[Site "?"]
[Date "2014.11.21"]
[Round "1"]
[White "Olund, Joar"]
[Black "Carstensen, Jacob"]
[Result "0-1"]
[WhiteElo "2300"]
[BlackElo "2359"]
[PlyCount "88"]
[EventDate "2014.??.??"]
[SourceDate "2014.12.06"]

1. d4 Nf6 2. c4 e6 3. Nf3 Bb4+ 4. Bd2 Qe7 5. g3 Nc6 6. Nc3 Bxc3 7. Bxc3 Ne4 8.
Rc1 Nxc3 9. Rxc3 d6 10. Bg2 O-O 11. O-O e5 12. d5 Nb8 13. b4 Bd7 14. Nd2 f5 15.
c5 a5 16. bxa5 Rxa5 17. cxd6 cxd6 18. Nc4 Rc5 19. Qb3 Bb5 20. Rfc1 Bxc4 21.
Rxc4 Rxc4 22. Rxc4 Na6 23. f4 e4 24. g4 Nc5 25. Rxc5 dxc5 26. d6+ Qf7 27. gxf5
Qxb3 28. axb3 Rd8 29. Bxe4 b6 30. Bd5+ Kf8 31. Bc4 Rxd6 32. Kf2 Rd4 33. Kf3 Ke7
34. h4 Rd1 35. Bg8 h5 36. e4 Rd3+ 37. Kg2 b5 38. e5 c4 39. bxc4 b4 40. Bh7 Rc3
41. Bg6 b3 42. Bxh5 b2 43. f6+ gxf6 44. Bg6 Rxc4 0-1

[Event "Superettan(Vaxjo-Rockaden,Sthlm II)"]
[Site "?"]
[Date "2014.11.21"]
[Round "1"]
[White "Aabling-Thomsen, Jakob"]
[Black "Lokander, Martin"]
[Result "0-1"]
[WhiteElo "2321"]
[BlackElo "2362"]
[PlyCount "130"]
[EventDate "2014.??.??"]

1. e4 e5 2. Nf3 Nc6 3. Nc3 Nf6 4. Bb5 Nd4 5. Nxe5 Bc5 6. Be2 O-O 7. d3 d5 8.
Bg5 h6 9. Bxf6 Qxf6 10. Nf3 dxe4 11. Nxe4 Nxf3+ 12. Bxf3 Qxb2 13. Rb1 Qxa2 14.
O-O Bb6 15. Nc3 Qa5 16. Nd5 c6 17. Nxb6 axb6 18. c4 Bf5 19. Qb3 Ra6 20. Rfe1
Rd8 21. Re3 Qc5 22. h3 Qd4 23. Be2 Bg6 24. Qb4 Ra1 25. Rxa1 Qxa1+ 26. Kh2 Qd4
27. Kg1 Ra8 28. g3 Bf5 29. Kg2 Rd8 30. Qe7 Qd7 31. Qh4 Re8 32. Rxe8+ Qxe8 33.
Bf1 Qd7 34. d4 b5 35. cxb5 cxb5 36. Kh2 b4 37. Bc4 Qc7 38. d5 b5 39. Bxb5 Qc2
40. Qd4 b3 41. d6 b2 42. d7 Bxd7 43. Bd3 b1=Q 44. Bxc2 Qxc2 45. Qxd7 Qxf2+ 46.
Kh1 Qxg3 47. Qe8+ Kh7 48. Qe4+ g6 49. h4 h5 50. Qe7 Qf3+ 51. Kh2 Kg7 52. Qe1
Qf4+ 53. Kh1 g5 54. hxg5 Qxg5 55. Qg3 Qg6 56. Qe5+ Kh7 57. Qf4 Qe6 58. Kh2 Qe2+
59. Kh1 Kg6 60. Qg3+ Qg4 61. Qd3+ Qf5 62. Qg3+ Kh7 63. Qf2 Qd5+ 64. Kh2 Qe5+
65. Kh1 f6 0-1

[Event "Superettan(Vaxjo-Rockaden,Sthlm II)"]
[Site "?"]
[Date "2014.11.21"]
[Round "1"]
[White "Kenneskog, Theodor"]
[Black "Lekander, Rolf"]
[Result "1-0"]
[WhiteElo "2289"]
[BlackElo "2240"]
[PlyCount "113"]

1. d4 d5 2. c4 c6 3. cxd5 cxd5 4. Bf4 Nc6 5. e3 Nf6 6. Nc3 a6 7. Bd3 g6 8. h3
Bg7 9. Nf3 O-O 10. O-O b5 11. Rc1 Bb7 12. a4 b4 13. Na2 Qb6 14. Nd2 Nd7 15. Nb3
e5 16. dxe5 Ndxe5 17. Bxe5 Bxe5 18. Nc5 Rfd8 19. Nxb7 Qxb7 20. Qb3 Bd6 21. Be2
Na5 22. Qd3 Be5 23. b3 Nc6 24. Rc5 Ne7 25. Rfc1 a5 26. Bf3 Rac8 27. Rxc8 Rxc8
28. Rxc8+ Qxc8 29. Bxd5 Nxd5 30. Qxd5 Qc7 31. Qd2 Bc3 32. Nxc3 bxc3 33. Qc2 Qc6
34. Kf1 f5 35. f3 g5 36. Ke2 f4 37. exf4 gxf4 38. Kd3 Qc5 39. Qxc3 Qe3+ 40. Kc2
Qf2+ 41. Qd2 Qc5+ 42. Kb2 Qe5+ 43. Qc3 Qe2+ 44. Qc2 Qe5+ 45. Ka2 h5 46. h4 Kf8
47. Qe4 Qc7 48. Qf5+ Kg8 49. Qg6+ Kf8 50. Qf6+ Kg8 51. Kb2 Kh7 52. Qf5+ Kg8 53.
Qxh5 Qg7+ 54. Kb1 Qc3 55. Qd5+ Kh8 56. Qd1 Kg8 57. h5 1-0

[Event "Superettan(Vaxjo-Rockaden,Sthlm II)"]
[Site "?"]
[Date "2014.11.21"]
[Round "1"]
[White "Rydstrom, Tom"]
[Black "Berovski, Krum"]
[Result "0-1"]
[WhiteElo "2225"]
[BlackElo "2314"]
[PlyCount "122"]
[EventDate "2014.??.??"]

1. e4 e6 2. d4 d5 3. Nc3 Bb4 4. e5 c5 5. a3 Bxc3+ 6. bxc3 Bd7 7. Qg4 g6 8. Nf3
Qa5 9. Bd2 Qa4 10. Be2 Nc6 11. Qf4 h6 12. Ra2 c4 13. h4 Rh7 14. Nh2 O-O-O 15.
Ng4 Re8 16. O-O Qa5 17. Raa1 Qc7 18. g3 Nd8 19. a4 Qa5 20. Nf6 Nxf6 21. exf6
Nc6 22. Bf3 e5 23. dxe5 Rxe5 24. Bg2 g5 25. hxg5 hxg5 26. Qf3 Qd8 27. Rfe1 Rf5
28. Qe3 Qxf6 29. Rab1 Qd6 30. Qe2 Qh6 31. Rb5 a6 32. Rb6 Qh2+ 33. Kf1 Qxg3 34.
Qe3 Qg4 35. Kg1 Qf4 36. Qxf4 gxf4 37. Bf3 Kc7 38. Reb1 Bc8 39. Kf1 Ne5 40. Ke2
Nxf3 41. Kxf3 Rh3+ 42. Ke2 Re5+ 43. Kf1 f3 44. Rh6 Rxh6 45. Bxh6 Re2 46. a5
Rxc2 47. Bg7 Bf5 48. Ra1 Kc6 49. Bd4 Rb2 50. Ke1 Re2+ 51. Kf1 Kb5 52. Kg1 Rb2
53. Kh2 Bb1 54. Ra3 Ra2 55. Rxa2 Bxa2 56. Bb6 d4 57. Bxd4 Kxa5 58. Kg3 Ka4 59.
Kxf3 Kb3 60. Ke3 a5 61. Kd2 Kb2 0-1

[Event "Superettan(Vaxjo-Rockaden,Sthlm II)"]
[Site "?"]
[Date "2014.11.21"]
[Round "1"]
[White "Bryntze, Stefan"]
[Black "Olofsson-Dolk, Mattis"]
[Result "1-0"]
[WhiteElo "2192"]
[BlackElo "2222"]
[PlyCount "75"]

1. f4 d5 2. e3 g6 3. Nf3 Bg7 4. Be2 c5 5. O-O Nc6 6. Bb5 Bd7 7. d3 Nf6 8. Bxc6
Bxc6 9. Ne5 O-O 10. Nd2 Qc7 11. Qe1 Rad8 12. Ndf3 Nd7 13. Qg3 b6 14. Bd2 Nxe5
15. fxe5 f6 16. Qh4 Qd7 17. Bc3 a5 18. Rae1 Rc8 19. Rf2 Qc7 20. Ref1 b5 21. Qh3
Bd7 22. e6 Bc6 23. Ng5 h5 24. g4 fxg5 25. Bxg7 Kxg7 26. Rf7+ Rxf7 27. Rxf7+ Kh6
28. gxh5 g4 29. Qxg4 Rg8 30. Rf8 Qe5 31. Rxg8 Qxe3+ 32. Kf1 Qc1+ 33. Kf2 Qd2+
34. Qe2 Qf4+ 35. Qf3 Qd2+ 36. Kg3 Qg5+ 37. Kh3 d4 38. Rh8+ 1-0

[Event "Superettan(Vaxjo-Rockaden,Sthlm II)"]
[Site "?"]
[Date "2014.11.21"]
[Round "1"]
[White "Alle, Ambjorn"]
[Black "Tuomainen, Felix"]
[Result "1-0"]
[WhiteElo "2223"]
[BlackElo "1947"]
[PlyCount "73"]

1. c4 c6 2. d4 d5 3. Nf3 Nf6 4. e3 e6 5. b3 Nbd7 6. Bd3 Bd6 7. Bb2 O-O 8. O-O
Re8 9. Ne5 dxc4 10. bxc4 c5 11. Qe2 Qe7 12. f4 Nb8 13. Nc3 cxd4 14. exd4 Ba3
15. Bxa3 Qxa3 16. Nb5 Qe7 17. c5 Rf8 18. Nd6 Nbd7 19. Rab1 Rb8 20. Rb3 g6 21.
Bc4 Nxe5 22. fxe5 Ne8 23. Rbf3 Nxd6 24. cxd6 Qe8 25. Qe3 Kg7 26. Rh3 Rh8 27.
Qh6+ Kg8 28. Rhf3 b5 29. Rxf7 Qxf7 30. Rxf7 Kxf7 31. Qf4+ Kg8 32. Bb3 Bd7 33.
Qf6 Rf8 34. Bxe6+ Bxe6 35. Qxe6+ Kg7 36. h3 Rf7 37. Qd5 1-0

[Event "Superettan(Vaxjo-Rockaden,Sthlm II)"]
[Site "?"]
[Date "2014.11.21"]
[Round "1"]
[White "Nikolic, Vladan"]
[Black "Gutzmann, Tobias"]
[Result "1-0"]
[WhiteElo "2027"]
[BlackElo "2123"]
[PlyCount "101"]

1. Nf3 Nf6 2. c4 e6 3. g3 d5 4. d4 Bb4+ 5. Bd2 Be7 6. Bg2 O-O 7. O-O dxc4 8.
Qc2 a6 9. Qxc4 b5 10. Qc2 Bb7 11. Rc1 Nc6 12. e3 Ra7 13. Ne1 Nd5 14. a3 Qa8 15.
Nc3 Nb8 16. Nxd5 Bxd5 17. e4 Bc6 18. Be3 Bd7 19. e5 c6 20. d5 exd5 21. Bxa7
Qxa7 22. b4 a5 23. Qe2 Na6 24. Nd3 Qb6 25. Qd2 axb4 26. Nxb4 Qa5 27. Rab1 Nxb4
28. axb4 Qa3 29. Bf1 Ra8 30. Bd3 Ra4 31. Rc3 Qa2 32. Rb2 Qa1+ 33. Rc1 Qa3 34.
Rcb1 Bh3 35. Qc2 Rxb4 36. Ra2 Rxb1+ 37. Qxb1 Qc5 38. Bxh7+ Kh8 39. Ra8+ Bf8 40.
Bf5 Bxf5 41. Qxf5 Kg8 42. Qd7 Qb4 43. Qd6 Qe1+ 44. Kg2 Qe4+ 45. Kh3 Qf5+ 46.
Kh4 Kh7 47. Rxf8 Qxf2 48. Qd7 g5+ 49. Kxg5 Kg7 50. Re8 Qxh2 51. Qg4 1-0

[Event "Superettan(Vaxjo-Rockaden,Sthlm II)"]
[Site "?"]
[Date "2014.11.21"]
[Round "1"]
[White "Lindahl, Emil"]
[Black "Kyhle, Bo"]
[Result "0-1"]
[WhiteElo "2130"]
[BlackElo "2172"]
[PlyCount "132"]

1. d4 Nf6 2. c4 g6 3. Nf3 Bg7 4. g3 O-O 5. Bg2 d6 6. Nc3 Nbd7 7. O-O e5 8. e4
exd4 9. Nxd4 Re8 10. Re1 Nc5 11. h3 Bd7 12. Rb1 h6 13. b4 Ne6 14. Nb3 Ng5 15.
Bxg5 hxg5 16. Qd2 g4 17. hxg4 Nxg4 18. Nd5 c6 19. Ne3 Bh6 20. f4 Be6 21. Nxg4
Bxg4 22. c5 dxc5 23. Qxd8 Raxd8 24. Nxc5 b6 25. Nb3 Bf8 26. a3 Rd3 27. Kf2 Be6
28. Re3 Red8 29. Bf1 Rd1 30. Rxd1 Rxd1 31. Be2 Rb1 32. Nd4 Bd7 33. Rb3 Ra1 34.
Kf3 c5 35. bxc5 Bxc5 36. Nc2 Rc1 37. Nb4 Ra1 38. Nc2 Ra2 39. Nb4 Rd2 40. Rd3
Rxd3+ 41. Bxd3 a5 42. Nd5 Kf8 43. Bc2 b5 44. a4 bxa4 45. Bd3 a3 46. Bc4 Ba4 47.
Ne3 Bxe3 48. Kxe3 Bc2 49. Kd2 Bxe4 50. Kc3 Bf5 51. Kb3 Be6 52. Bxe6 fxe6 53.
Kxa3 Kf7 54. Ka4 Kf6 55. g4 e5 56. g5+ Kf5 57. fxe5 Kxe5 58. Kxa5 Kf5 59. Kb4
Kxg5 60. Kc3 Kf4 61. Kd2 Kf3 62. Ke1 Kg2 63. Ke2 g5 64. Ke1 g4 65. Ke2 g3 66.
Ke1 Kh2 0-1

[Event "Superettan(Kamraterna-Rockaden,Umea)"]
[Site "?"]
[Date "2014.11.21"]
[Round "1"]
[White "Wickstrom, Lucas"]
[Black "Andreasson, Ingvar"]
[Result "0-1"]
[WhiteElo "2340"]
[BlackElo "2350"]
[PlyCount "65"]

1. d4 Nf6 2. c4 e6 3. Nf3 b6 4. g3 Ba6 5. Qc2 Bb4+ 6. Bd2 Be7 7. Bg2 c6 8. c5
O-O 9. Ne5 Nd5 10. e4 Nc7 11. Be3 d6 12. cxd6 Bxd6 13. Nxc6 Nxc6 14. Qxc6 Bb4+
15. Nd2 Bb5 16. Qc2 Rc8 17. Qb3 Ba5 18. Bf1 Bc6 19. Bd3 e5 20. dxe5 Nd5 21. Ke2
Nxe3 22. Kxe3 Bxd2+ 23. Kxd2 Qd4 24. Ke2 Bxe4 25. Rhd1 Qxe5 26. Kf1 Bb7 27. Kg1
h5 28. Re1 Qc5 29. Be4 Bxe4 30. Rxe4 Qc2 31. Qxc2 Rxc2 32. Ra4 Re8 33. Rxa7 0-1

[Event "Superettan(Kamraterna-Rockaden,Umea)"]
[Site "?"]
[Date "2014.11.21"]
[Round "1"]
[White "Hamark, Jesper"]
[Black "Forsberg, Viktor"]
[Result "0-1"]
[WhiteElo "2352"]
[BlackElo "2330"]
[PlyCount "78"]

1. c4 Nf6 2. Nc3 g6 3. d4 Bg7 4. Nf3 d6 5. e3 O-O 6. Be2 Nbd7 7. O-O e5 8. b4
Re8 9. a4 exd4 10. exd4 d5 11. Qb3 c6 12. Bf4 Ne4 13. Rfe1 Nxc3 14. Qxc3 Nf6
15. Be5 Ne4 16. Qb2 f6 17. Bf4 Be6 18. Bd3 g5 19. cxd5 cxd5 20. Bg3 h5 21. Rac1
Rc8 22. Rxc8 Bxc8 23. Rc1 h4 24. Bc7 Qe7 25. h3 Bf8 26. b5 Be6 27. a5 Nd6 28.
b6 a6 29. Bxd6 Qxd6 30. Rc7 Re7 31. Rxe7 Bxe7 32. Bxa6 Qb4 33. Qe2 Kf7 34. Bb5
Bd6 35. Be8+ Ke7 36. Bh5 Qb1+ 37. Ne1 Bb4 38. Kf1 Bxa5 39. Bf3 Kd6 0-1

[Event "Superettan(Kamraterna-Rockaden,Umea)"]
[Site "?"]
[Date "2014.11.21"]
[Round "1"]
[White "Malmstig, Erik"]
[Black "Svensson, Bengt"]
[Result "1/2-1/2"]
[WhiteElo "2257"]
[BlackElo "2350"]
[PlyCount "65"]

1. d4 d5 2. Nf3 Nf6 3. g3 c5 4. Bg2 Nc6 5. O-O e6 6. b3 Be7 7. Bb2 O-O 8. e3 b6
9. Nbd2 Ba6 10. Re1 Rc8 11. Ne5 cxd4 12. exd4 Nb4 13. c4 Bb7 14. Nf1 Nc6 15.
Ne3 Na5 16. Rc1 dxc4 17. Bxb7 Nxb7 18. bxc4 Nd7 19. Nd3 Bf6 20. Ng4 Na5 21. Qa4
Re8 22. Red1 Bg5 23. Rc2 Qc7 24. Qb5 Be7 25. Rdc1 Qb7 26. Nf4 a6 27. Qa4 Qc6
28. Qxc6 Rxc6 29. d5 exd5 30. cxd5 Rxc2 31. Rxc2 Bd6 32. Nh5 f6 33. Ne3 1/2-1/2

[Event "Superettan(Kamraterna-Rockaden,Umea)"]
[Site "?"]
[Date "2014.11.21"]
[Round "1"]
[White "Mohammadi, Amir"]
[Black "Eriksson, Jorgen"]
[Result "1-0"]
[WhiteElo "2223"]
[BlackElo "2226"]
[PlyCount "113"]

1. e4 d6 2. Nc3 Nf6 3. g3 g6 4. Bg2 Bg7 5. d3 O-O 6. Nge2 c6 7. h3 d5 8. e5 Ne8
9. f4 f6 10. d4 Nc7 11. O-O b5 12. a3 a5 13. g4 e6 14. Ng3 fxe5 15. dxe5 c5 16.
Qe1 Ra6 17. Nd1 Nc6 18. Nf2 Qe7 19. c3 b4 20. g5 bxc3 21. bxc3 Rb6 22. Ng4 Ba6
23. Rf3 Rfb8 24. Nf6+ Bxf6 25. gxf6 Qf7 26. Be3 Bd3 27. Kh2 Rb1 28. Rxb1 Rxb1
29. Qf2 c4 30. Bc5 Ne8 31. Bf1 Bxf1 32. Nxf1 Qb7 33. Qh4 Nd8 34. Qh6 Qf7 35. a4
Nc6 36. Qg5 Nd8 37. h4 Rb2+ 38. Kh1 d4 39. Bxd4 Qb7 40. Qg4 Nf7 41. Kg1 Nc7 42.
h5 Kf8 43. hxg6 hxg6 44. Rg3 Qe4 45. Qxg6 Qxg6 46. Rxg6 Na6 47. Ne3 Ra2 48.
Nxc4 Rxa4 49. Nd6 Nxd6 50. exd6 Ra1+ 51. Kf2 Rb1 52. d7 Rb8 53. Bb6 Kf7 54. Rh6
a4 55. d8=Q Rxd8 56. Bxd8 a3 57. Be7 1-0

[Event "Superettan(Kamraterna-Rockaden,Umea)"]
[Site "?"]
[Date "2014.11.21"]
[Round "1"]
[White "Lindgren, Fredrik"]
[Black "Madebrink, Lars"]
[Result "1-0"]
[WhiteElo "2233"]
[BlackElo "2178"]
[PlyCount "67"]

1. d4 Nf6 2. Nf3 g6 3. c4 Bg7 4. Nc3 O-O 5. e4 d6 6. Be2 e5 7. Be3 Nbd7 8. d5
Nc5 9. Nd2 a5 10. a3 Nfd7 11. b4 axb4 12. axb4 Rxa1 13. Qxa1 Na6 14. Qa3 f5 15.
O-O Qh4 16. f3 Bh6 17. Bf2 Qe7 18. Nb3 Nf6 19. b5 Nb8 20. c5 fxe4 21. fxe4 Bg4
22. Bc4 Nbd7 23. h3 b6 24. c6 Nc5 25. Nxc5 bxc5 26. hxg4 Nxg4 27. Nd1 Qg5 28.
Qh3 Nxf2 29. Rxf2 Rxf2 30. Nxf2 Qc1+ 31. Bf1 Be3 32. Qc8+ Kg7 33. Qxc7+ Kh6 34.
Qf7 1-0

[Event "Superettan(Kamraterna-Rockaden,Umea)"]
[Site "?"]
[Date "2014.11.21"]
[Round "1"]
[White "Axelsson, Uno"]
[Black "Nygren, David"]
[Result "1/2-1/2"]
[WhiteElo "2224"]
[BlackElo "2183"]
[PlyCount "94"]

1. d4 Nf6 2. c4 e6 3. Nc3 Bb4 4. e3 b6 5. Nge2 Ba6 6. a3 Bxc3+ 7. Nxc3 d5 8. b3
O-O 9. Bb2 Qd7 10. Be2 dxc4 11. Bxc4 Bxc4 12. bxc4 Qc6 13. Qf3 Qxf3 14. gxf3
Nc6 15. Ne4 Nxe4 16. fxe4 Na5 17. Rc1 f5 18. Rg1 g6 19. h4 fxe4 20. h5 Rf5 21.
hxg6 h5 22. d5 Nb3 23. Rd1 Nc5 24. dxe6 Nd3+ 25. Rxd3 exd3 26. f4 Re8 27. Kd2
Rxe6 28. Kxd3 h4 29. g7 h3 30. Rh1 Rh5 31. f5 Rd6+ 32. Ke2 h2 33. Be5 Rc6 34.
Rd1 Rd6 35. Rh1 Rd7 36. f6 Kf7 37. Bc3 c5 38. Bb2 Rh3 39. Be5 Rh5 40. Rxh2
Rxh2+ 41. Bxh2 Rd8 42. Be5 Re8 43. Bc3 Re4 44. Kd3 Rg4 45. e4 Rg3+ 46. Kd2 Rg2+
47. Kd3 Rg3+ 1/2-1/2

[Event "Superettan(Kamraterna-Rockaden,Umea)"]
[Site "?"]
[Date "2014.11.21"]
[Round "1"]
[White "Magnussen, Helge"]
[Black "Eriksson, Magnus"]
[Result "1/2-1/2"]
[WhiteElo "2112"]
[BlackElo "2153"]
[PlyCount "93"]

1. d4 Nf6 2. c4 g6 3. g3 Bg7 4. Bg2 d6 5. Nf3 O-O 6. Nc3 Nbd7 7. O-O c6 8. h3
e5 9. e4 Qe7 10. Re1 Re8 11. b3 exd4 12. Nxd4 Nc5 13. b4 Ne6 14. Be3 Nxd4 15.
Bxd4 Be6 16. c5 Red8 17. Qf3 Nd7 18. Bxg7 Kxg7 19. Na4 dxc5 20. Qc3+ Kg8 21.
Nxc5 a5 22. Nxe6 Qxe6 23. bxa5 Qe5 24. Qb4 Qc7 25. Rab1 Rdb8 26. Red1 Nf8 27.
Rd6 Qxa5 28. Qxa5 Rxa5 29. Rxc6 bxc6 30. Rxb8 Rxa2 31. Rc8 Ra1+ 32. Kh2 Rc1 33.
e5 Rc2 34. Kg1 Rc1+ 35. Kh2 Rc2 36. f4 Kg7 37. Rxc6 Rd2 38. h4 Ne6 39. Rd6 Rxd6
40. exd6 Kf8 41. Kh3 f6 42. Bd5 Nd4 43. h5 g5 44. fxg5 fxg5 45. h6 Nf5 46. Be4
Nxh6 47. Bxh7 1/2-1/2

[Event "Superettan(Kamraterna-Rockaden,Umea)"]
[Site "?"]
[Date "2014.11.21"]
[Round "1"]
[White "Borvander, Tom"]
[Black "Mardell, Jimmy"]
[Result "0-1"]
[WhiteElo "2189"]
[BlackElo "2141"]
[PlyCount "80"]

1. d4 Nf6 2. c4 c5 3. d5 b5 4. cxb5 a6 5. e3 axb5 6. Bxb5 Qa5+ 7. Nc3 Bb7 8.
Nge2 Nxd5 9. O-O e6 10. a4 Nxc3 11. Nxc3 Be7 12. e4 Nc6 13. Be3 Rd8 14. Qg4 O-O
15. Rfd1 Qb4 16. Qe2 Qa5 17. Rac1 d6 18. f4 Nd4 19. Bxd4 cxd4 20. Na2 e5 21. b4
Qa8 22. Re1 Rc8 23. a5 f5 24. Bc4+ Kh8 25. exf5 d5 26. Bb5 e4 27. a6 Rxc1 28.
Rxc1 Bc8 29. Bc6 Qa7 30. Kh1 Bxa6 31. b5 Bb7 32. Bxb7 Qxb7 33. Qb2 Bf6 34. Qb4
Rb8 35. Qc5 h6 36. Rb1 d3 37. b6 d4 38. h3 d2 39. Qc2 e3 40. Qd3 Qc6 0-1

[Event "Superettan(Manhem-Schack 08)"]
[Site "?"]
[Date "2014.11.21"]
[Round "1"]
[White "Ingbrant, Johan"]
[Black "Hultin, Johan"]
[Result "1/2-1/2"]
[WhiteElo "2358"]
[BlackElo "2346"]
[PlyCount "216"]
[SourceDate "2014.12.06"]

1. b3 d5 2. Bb2 Bg4 3. f3 Bf5 4. e3 e6 5. f4 Nf6 6. Nf3 Be7 7. Be2 O-O 8. O-O
c5 9. Ne5 h6 10. c4 Bh7 11. Nc3 d4 12. Na4 dxe3 13. dxe3 Qc7 14. Bf3 Rd8 15.
Qe2 Be4 16. Nc3 Bxf3 17. Qxf3 Nbd7 18. Nb5 Qb6 19. Rad1 Nf8 20. g4 Rxd1 21.
Rxd1 a6 22. Nc3 Qc7 23. h4 Rd8 24. g5 hxg5 25. hxg5 Ne8 26. Ne4 Rxd1+ 27. Qxd1
Nd6 28. Qh5 g6 29. Qh1 Nh7 30. Ng4 Qa5 31. Nc3 Bf8 32. Nh6+ Bxh6 33. Qxh6 Nf5
34. Qh2 Qd8 35. Qe2 Nxg5 36. fxg5 Qxg5+ 37. Kh2 Qh4+ 38. Kg2 Qg3+ 39. Kh1 Qh3+
40. Kg1 Qg3+ 41. Kh1 Nxe3 42. Nd1 Ng4 43. Bc3 e5 44. Be1 Qf4 45. Bd2 Qg3 46.
Be1 Qf4 47. Nc3 f5 48. Nd5 Qh6+ 49. Kg1 Kf7 50. Bd2 Qh3 51. Ne3 Nxe3 52. Qxe3
Qg4+ 53. Kf2 Qh4+ 54. Ke2 Qh2+ 55. Kd1 Qh1+ 56. Kc2 Qa1 57. Bc3 Qxa2+ 58. Bb2
b5 59. Qxe5 bxc4 60. Qf6+ Ke8 61. Qxg6+ Kd8 62. Qd6+ Ke8 63. Qe6+ Kd8 64. Qxc4
Qa5 65. Qg8+ Kd7 66. Qd5+ Ke7 67. Qe5+ Kf7 68. Qxf5+ Ke8 69. Qg6+ Kf8 70. Bg7+
Ke7 71. Bf6+ Kd7 72. Qf7+ Kc8 73. Qe6+ Kb7 74. Qd5+ Ka7 75. Qd7+ Ka8 76. Qd5+
Ka7 77. Be5 Qa2+ 78. Bb2 Kb6 79. Kc1 a5 80. Qd8+ Kc6 81. Qf6+ Kb5 82. Qf7 Kb6
83. Be5 Qa3+ 84. Kb1 Qb4 85. Qe6+ Kb7 86. Qd5+ Kb6 87. Kc2 a4 88. Qd8+ Kb7 89.
Qc7+ Ka8 90. Qc6+ Ka7 91. bxa4 Qc4+ 92. Bc3 Qa2+ 93. Kd3 Qb1+ 94. Kc4 Qf1+ 95.
Kxc5 Qf5+ 96. Kb4 Qf8+ 97. Kc4 Qf7+ 98. Kb4 Qe7+ 99. Kb3 Qf7+ 100. Ka3 Qe7+
101. Kb3 Qf7+ 102. Kc2 Qf2+ 103. Kd3 Qf5+ 104. Kd4 Qf4+ 105. Kc5 Qf8+ 106. Kb5
Qf5+ 107. Kb4 Qf8+ 108. Kb3 Qf7+ 1/2-1/2

[Event "Superettan(Manhem-Schack 08)"]
[Site "?"]
[Date "2014.11.21"]
[Round "1"]
[White "Welin, Mats"]
[Black "Renman, Nils-Gustaf"]
[Result "1/2-1/2"]
[WhiteElo "2304"]
[BlackElo "2334"]
[PlyCount "57"]

1. e4 e6 2. d4 d5 3. Nc3 Nf6 4. e5 Nfd7 5. f4 c5 6. Nf3 Nc6 7. Be3 a6 8. Qd2 b5
9. dxc5 Bxc5 10. Bd3 Bb7 11. Bf2 b4 12. Na4 Bxf2+ 13. Qxf2 Qa5 14. b3 Ne7 15.
O-O Bc6 16. Nb2 Nc5 17. Nd4 Bd7 18. Kh1 h6 19. f5 exf5 20. Bxf5 Bxf5 21. Nxf5
Nxf5 22. Qxf5 O-O 23. Nd3 Nxd3 24. cxd3 d4 25. Qe4 Rfe8 26. Rae1 Rad8 27. Qf4
Rd7 28. Qg4 Rde7 29. Qxd4 1/2-1/2

[Event "Superettan(Manhem-Schack 08)"]
[Site "?"]
[Date "2014.11.21"]
[Round "1"]
[White "Rosberg, Simon"]
[Black "Moberg, Karl Johan"]
[Result "0-1"]
[WhiteElo "2260"]
[BlackElo "2292"]
[PlyCount "88"]

1. Nf3 Nf6 2. c4 g6 3. g3 Bg7 4. Bg2 d5 5. d4 dxc4 6. Qa4+ Nfd7 7. Qxc4 Nb6 8.
Qc2 Nc6 9. e3 Bf5 10. Qe2 O-O 11. Nh4 Be6 12. Na3 Bd5 13. Nf3 e5 14. dxe5 Be4
15. Nh4 Bd3 16. Qd1 Nxe5 17. f4 Nec4 18. Nxc4 Nxc4 19. Qb3 Re8 20. Kf2 Na5 21.
Qa3 c5 22. Rd1 c4 23. Bf1 Rc8 24. Bxd3 cxd3 25. Qxd3 Qxd3 26. Rxd3 Rc2+ 27. Rd2
Rec8 28. Rxc2 Rxc2+ 29. Kg1 Nc4 30. Nf3 Bxb2 31. Bxb2 Rxb2 32. e4 Nd2 33. Nxd2
Rxd2 34. a3 h5 35. e5 Kf8 36. Rc1 Rb2 37. Rc7 Kg8 38. Rc8+ Kg7 39. Rc7 Kf8 40.
Kf1 a5 41. Kg1 b5 42. Rb7 a4 43. h3 b4 44. Ra7 bxa3 0-1

[Event "Superettan(Manhem-Schack 08)"]
[Site "?"]
[Date "2014.11.21"]
[Round "1"]
[White "Carlhammar, Magnus"]
[Black "Faldt, Magnus"]
[Result "1/2-1/2"]
[WhiteElo "2295"]
[BlackElo "2194"]
[PlyCount "88"]

1. Nf3 d5 2. g3 Nf6 3. Bg2 c6 4. O-O Bf5 5. b3 e6 6. Bb2 Be7 7. d3 O-O 8. Nbd2
h6 9. Qe1 Bh7 10. e4 a5 11. a4 Na6 12. Qe2 Nb4 13. Ne1 Qb6 14. Kh1 Rad8 15. f4
dxe4 16. dxe4 Qa6 17. Nc4 c5 18. g4 Nd7 19. f5 e5 20. Bf3 Bg5 21. Ng2 Rfe8 22.
Rad1 Nc6 23. Nd6 Re7 24. Qxa6 bxa6 25. h4 Bf4 26. Nc4 Ree8 27. Nd6 Re7 28. Nc4
Ree8 29. Rd6 Ndb8 30. Nxf4 exf4 31. Rfd1 f6 32. Kg2 Kf8 33. Ba3 Rxd6 34. Rxd6
Bg8 35. Bxc5 Bxc4 36. Rxc6+ Kg8 37. Rb6 Nd7 38. bxc4 Nxc5 39. Rc6 Re5 40. Kf2
Kf8 41. Bg2 Ke8 42. Rc7 Kf8 43. Rc6 Ke8 44. Rc7 Kf8 1/2-1/2

[Event "Superettan(Manhem-Schack 08)"]
[Site "?"]
[Date "2014.11.21"]
[Round "1"]
[White "Schutz, Ingemar"]
[Black "Akesson, Joel"]
[Result "1/2-1/2"]
[WhiteElo "2188"]
[BlackElo "2290"]
[PlyCount "42"]

1. e4 e6 2. d4 d5 3. Nc3 Bb4 4. e5 Ne7 5. a3 Bxc3+ 6. bxc3 c5 7. Nf3 b6 8. Bb5+
Bd7 9. Bd3 c4 10. Bf1 Ba4 11. g3 h6 12. Bh3 Kd7 13. O-O Qg8 14. Ne1 Nbc6 15.
Ng2 Qh7 16. Ne3 h5 17. f4 g6 18. Rf2 Kc7 19. Ng2 Nf5 20. Bxf5 gxf5 21. Nh4 Ne7
1/2-1/2

[Event "Superettan(Manhem-Schack 08)"]
[Site "?"]
[Date "2014.11.21"]
[Round "1"]
[White "Landgren, Philip"]
[Black "Ottenklev, Niclas"]
[Result "1/2-1/2"]
[WhiteElo "2247"]
[BlackElo "2146"]
[PlyCount "118"]

1. Nf3 f5 2. d4 g6 3. g3 Nf6 4. Bg2 Bg7 5. O-O O-O 6. c4 d6 7. Nc3 Nc6 8. d5
Na5 9. Qd3 c5 10. Rb1 Ne4 11. Ng5 Nxc3 12. bxc3 Qe8 13. Rb5 b6 14. Ne6 Bxe6 15.
dxe6 Rb8 16. Bd5 a6 17. Rb1 Qa4 18. Bg5 Bf6 19. Bh6 Rfc8 20. h4 b5 21. cxb5
axb5 22. e4 fxe4 23. Bxe4 Qc4 24. Bxg6 Qxd3 25. Bxd3 c4 26. Be4 Bxc3 27. Rfd1
Bf6 28. Rd5 Rc5 29. Rxc5 dxc5 30. Bf4 Rb6 31. Bc7 Ra6 32. Rxb5 Nc6 33. Rxc5 Nd4
34. Rxc4 Rxa2 35. Bb6 Rd2 36. Kg2 Nxe6 37. Be3 Rd8 38. Bf5 Nd4 39. Bg4 Kg7 40.
Rc7 Rd6 41. Rc8 Nc6 42. Bf5 Nd4 43. Bb1 Ne6 44. Ba2 Ra6 45. Bc4 Rd6 46. f4 h6
47. Kf3 Nd4+ 48. Kg4 Rc6 49. Rxc6 Nxc6 50. Kf5 Nd4+ 51. Ke4 Nc6 52. Bb5 Nd8 53.
Bf2 Kg6 54. g4 Nf7 55. Kd5 Kg7 56. Bd3 e5 57. fxe5 Nxe5 58. Be2 Ng6 59. Bg3
Bxh4 1/2-1/2

[Event "Superettan(Manhem-Schack 08)"]
[Site "?"]
[Date "2014.11.21"]
[Round "1"]
[White "Fendrich, David"]
[Black "Arvidsson, Tomas"]
[Result "1-0"]
[WhiteElo "2168"]
[BlackElo "1992"]
[PlyCount "69"]

1. g3 Nf6 2. Bg2 g6 3. c4 Bg7 4. Nc3 d6 5. d3 O-O 6. e4 e5 7. Nge2 c6 8. O-O
Na6 9. h3 Nh5 10. Be3 f5 11. Qd2 Be6 12. Kh2 Kh8 13. exf5 gxf5 14. f4 Rg8 15.
Rad1 Qe7 16. Rfe1 Qf7 17. b3 Bf6 18. Bf3 Nc7 19. Rg1 Ne8 20. d4 e4 21. d5 exf3
22. dxe6 Qxe6 23. Nd4 Qd7 24. Nxf3 Rxg3 25. Rxg3 Nxg3 26. Kxg3 Qg7+ 27. Kh2
Bxc3 28. Qd3 Rd8 29. Nd4 Nf6 30. Nxf5 Qd7 31. Nxd6 Qg7 32. Qxc3 Rg8 33. Rg1
Ng4+ 34. Rxg4 Qxc3 35. Nf7# 1-0

[Event "Superettan(Limhamn II-Orebro)"]
[Site "?"]
[Date "2014.11.21"]
[Round "1"]
[White "Nygren, Kim"]
[Black "Tadjerbashi, Amir"]
[Result "1/2-1/2"]
[WhiteElo "2225"]
[BlackElo "2199"]
[PlyCount "85"]
[SourceDate "2014.12.07"]

1. e4 e5 2. Nf3 Nc6 3. Bb5 a6 4. Ba4 Nf6 5. O-O Be7 6. Bxc6 dxc6 7. Qe1 Nd7 8.
b3 O-O 9. Bb2 Bd6 10. Na3 b5 11. c3 Nc5 12. d4 Nd3 13. Qd2 Nxb2 14. Qxb2 exd4
15. cxd4 Qe7 16. Nc2 Qxe4 17. Rae1 Qf4 18. Qc3 Bf5 19. g3 Qh6 20. Ne3 Bh3 21.
Ng2 Qf6 22. Qxc6 Bg4 23. Re3 Bxf3 24. Rxf3 Qxd4 25. Ne3 Rfe8 26. Rd1 Qe4 27.
Nd5 Qe2 28. Rd4 h5 29. Rh4 Qxf3 30. Ne7+ Bxe7 31. Qxf3 Bxh4 32. gxh4 g6 33. Qc6
Rab8 34. Qxa6 Rb6 35. Qa3 b4 36. Qa5 Ree6 37. Qc5 Rec6 38. Qe7 Re6 39. Qxc7
Rec6 40. Qd8+ Kg7 41. Qd4+ Kg8 42. Qd8+ Kg7 43. Qd4+ 1/2-1/2

[Event "Superettan(Limhamn II-Orebro)"]
[Site "?"]
[Date "2014.11.21"]
[Round "1"]
[White "Selimian, Hrayr"]
[Black "Mansson, Peter"]
[Result "1/2-1/2"]
[WhiteElo "2174"]
[BlackElo "2140"]
[PlyCount "44"]
[EventDate "2014.??.??"]

1. d4 Nf6 2. c4 c5 3. d5 e6 4. Nc3 exd5 5. cxd5 d6 6. Nf3 g6 7. Bf4 a6 8. a4
Bg7 9. h3 O-O 10. e3 Re8 11. Nd2 Nbd7 12. Nc4 Ne4 13. Rc1 Nxc3 14. bxc3 Ne5 15.
Bxe5 Bxe5 16. a5 Bd7 17. Be2 Qh4 18. O-O Bxh3 19. gxh3 Qxh3 20. f4 Qg3+ 21. Kh1
Qh3+ 22. Kg1 Qg3+ 1/2-1/2